[Event "XV Tª INTERNACIONAL VILLA DE NAVALMORAL"]
[Site "NAVALMORAL DE LA MATA"]
[Date "2009.12.04"]
[Round "1.1"]
[White "Fedorchuk, Sergey A"]
[Black "Lorenzo Grande, Jorge"]
[Result "1-0"]
[WhiteElo "2619"]
[BlackElo "2018"]
[PlyCount "53"]
[EventDate "2009.12.04"]

1. e4 c5 2. Nf3 d6 3. d4 cxd4 4. Nxd4 Nf6 5. Nc3 a6 6. h3 e5 7. Nde2 h6 8. g4
Be7 9. Bg2 Qc7 10. Be3 b5 11. Qd2 Be6 12. Ng3 Nbd7 13. Nd5 Bxd5 14. exd5 Nb6
15. b3 Nfd7 16. Nf5 Bf6 17. O-O Nc8 18. c4 bxc4 19. Rac1 Ncb6 20. Qa5 O-O 21.
Rxc4 Qb8 22. Rc6 Bd8 23. Qd2 Nc8 24. Bxh6 gxh6 25. Qxh6 Bf6 26. g5 Bh8 27. Rxc8
1-0

[Event "XV Tª INTERNACIONAL VILLA DE NAVALMORAL"]
[Site "NAVALMORAL DE LA MATA"]
[Date "2009.12.04"]
[Round "1.2"]
[White "Serrano Fuentes, Martin"]
[Black "Burmakin, Vladimir"]
[Result "0-1"]
[WhiteElo "1998"]
[BlackElo "2602"]
[PlyCount "85"]
[EventDate "2009.12.04"]

1. c4 e6 2. Nf3 d5 3. d4 Nf6 4. Nc3 c6 5. e3 Nbd7 6. Be2 Bd6 7. O-O O-O 8. Qc2
dxc4 9. Bxc4 Qe7 10. e4 e5 11. d5 Nb6 12. Bb3 cxd5 13. exd5 Bg4 14. Ng5 Rac8
15. Qd3 Bh5 16. Nge4 Nxe4 17. Nxe4 Bg6 18. f3 Nd7 19. Qe2 Bc5+ 20. Be3 Bxe4 21.
fxe4 Qd6 22. Kh1 Rc7 23. Qf3 Bxe3 24. Qxe3 Nc5 25. Bd1 b6 26. Bg4 g6 27. Rad1
Kg7 28. Rd2 Nb7 29. a3 Qe7 30. Rdf2 Nd6 31. Qd3 Rc4 32. Re1 Qh4 33. Qg3 Qxg3
34. hxg3 Nxe4 35. Rf3 Ng5 36. Bd7 Nxf3 37. gxf3 Kf6 38. Re2 Ke7 39. Bc6 Kd6 40.
Kg2 h5 41. Bb5 Rd4 42. Bc6 h4 43. g4 0-1

[Event "XV Tª INTERNACIONAL VILLA DE NAVALMORAL"]
[Site "NAVALMORAL DE LA MATA"]
[Date "2009.12.04"]
[Round "1.3"]
[White "Andersson, Ulf"]
[Black "Ojaos Penalver, Abel"]
[Result "1-0"]
[WhiteElo "2582"]
[BlackElo "1995"]
[PlyCount "115"]
[EventDate "2009.12.04"]

1. Nf3 Nf6 2. c4 e6 3. g3 d5 4. d4 Be7 5. Bg2 O-O 6. O-O c6 7. Nbd2 Nbd7 8. Qc2
Re8 9. e4 dxe4 10. Nxe4 Nxe4 11. Qxe4 Nf6 12. Qe2 a5 13. Rd1 a4 14. Ne5 Qa5 15.
Bd2 Qa6 16. Rac1 Bd7 17. Bg5 Rad8 18. Qf3 Bc8 19. Rc2 h6 20. Be3 Qa5 21. Bd2
Qa7 22. Bc3 Bd6 23. Rcd2 Qb8 24. Ba5 Bc7 25. Bxc7 Qxc7 26. Qa3 Qa5 27. b3 Nd7
28. Qxa4 Qxa4 29. bxa4 Nxe5 30. dxe5 Rxd2 31. Rxd2 Kf8 32. a5 Ke7 33. c5 Bd7
34. a6 bxa6 35. Rb2 Ra8 36. Rb6 Kd8 37. Kf1 Kc7 38. Ke2 a5 39. Ke3 Ra7 40. f4
Be8 41. Be4 Bd7 42. Kd4 Be8 43. Kc3 Bd7 44. a3 Ra8 45. Kd4 Ra7 46. Bf3 Ra8 47.
Kc3 Ra7 48. Bh5 f6 49. Kd4 Ra8 50. Bf3 Ra7 51. Be2 Bc8 52. Bc4 Kd7 53. h4 Ke8
54. g4 Kd7 55. exf6 gxf6 56. g5 hxg5 57. hxg5 fxg5 58. fxg5 1-0

[Event "XV Tª INTERNACIONAL VILLA DE NAVALMORAL"]
[Site "NAVALMORAL DE LA MATA"]
[Date "2009.12.04"]
[Round "1.4"]
[White "Gutierrez Leon, Cristobal"]
[Black "Georgiev, Vladimir"]
[Result "0-1"]
[WhiteElo "1910"]
[BlackElo "2582"]
[PlyCount "46"]
[EventDate "2009.12.04"]

1. Nf3 Nf6 2. b3 d6 3. d4 g6 4. e3 Bg7 5. Bb2 O-O 6. Be2 e5 7. dxe5 Nfd7 8. O-O
Nc6 9. Nbd2 Ndxe5 10. Nxe5 Nxe5 11. Rb1 a5 12. a4 Re8 13. Nc4 Nc6 14. Bxg7 Kxg7
15. Bf3 Be6 16. Na3 d5 17. Qd2 Ne5 18. Be2 c6 19. Qd4 Qf6 20. b4 axb4 21. Rxb4
b5 22. Rfb1 Nd7 23. Qxf6+ Nxf6 0-1

[Event "XV Tª INTERNACIONAL VILLA DE NAVALMORAL"]
[Site "NAVALMORAL DE LA MATA"]
[Date "2009.12.04"]
[Round "1.5"]
[White "Korneev, Oleg"]
[Black "Garcia De Lomas Guerrero, Carlo"]
[Result "1-0"]
[WhiteElo "2571"]
[BlackElo "1900"]
[PlyCount "55"]
[EventDate "2009.12.04"]

1. e4 e6 2. d4 d5 3. Nd2 Nf6 4. e5 Nfd7 5. c3 c5 6. Bd3 cxd4 7. cxd4 Nc6 8. Ne2
f6 9. exf6 Nxf6 10. O-O Bd6 11. Nf3 Qc7 12. Bg5 Ne4 13. Be3 O-O 14. Ng3 Nf6 15.
Rc1 Qe7 16. Re1 Qd8 17. Bg5 Ne7 18. Ne5 Qe8 19. Bb1 Nd7 20. Qg4 Nxe5 21. dxe5
Bb8 22. Bxh7+ Kxh7 23. Qh4+ Kg8 24. Bxe7 Rf7 25. Bd6 Bxd6 26. exd6 Qf8 27. Re5
g6 28. Rg5 1-0

[Event "XV Tª INTERNACIONAL VILLA DE NAVALMORAL"]
[Site "NAVALMORAL DE LA MATA"]
[Date "2009.12.04"]
[Round "1.6"]
[White "Sanchez Marcos, Andres"]
[Black "Del Rio De Angelis, Salvador G"]
[Result "0-1"]
[WhiteElo "1863"]
[BlackElo "2544"]
[PlyCount "76"]
[EventDate "2009.12.04"]

1. e4 e6 2. Nc3 d5 3. d4 Bb4 4. e5 Ne7 5. a3 Bxc3+ 6. bxc3 c5 7. Qg4 cxd4 8.
cxd4 Qc7 9. Bd2 Qxc2 10. Qxg7 Rg8 11. Qh6 Nbc6 12. Nf3 Bd7 13. Rc1 Qe4+ 14. Qe3
Nf5 15. Qxe4 dxe4 16. Ng5 e3 17. fxe3 Rxg5 18. e4 Rg4 19. exf5 exf5 20. d5 Nxe5
21. Rc7 Re4+ 22. Kf2 Rc8 23. Rxc8+ Bxc8 24. h3 b6 25. g3 Bb7 26. Bb5+ Ke7 27.
Bb4+ Kd8 28. Rd1 f4 29. Bf8 a6 30. gxf4 Ng6 31. Bd3 Rxf4+ 32. Ke3 Rh4 33. Bg7
Rxh3+ 34. Kd4 Rh4+ 35. Kc3 Kd7 36. d6 Rf4 37. Re1 Rf3 38. Kc4 Kxd6 0-1

[Event "XV Tª INTERNACIONAL VILLA DE NAVALMORAL"]
[Site "NAVALMORAL DE LA MATA"]
[Date "2009.12.04"]
[Round "1.7"]
[White "Rusev, Krasimir"]
[Black "Lopez Perez, Angel Luis"]
[Result "1-0"]
[WhiteElo "2537"]
[BlackElo "1824"]
[PlyCount "38"]
[EventDate "2009.12.04"]

1. d4 d5 2. Nf3 Nf6 3. c4 e6 4. Nc3 Nbd7 5. Bf4 a6 6. cxd5 Nxd5 7. Bg3 Be7 8.
e4 N5f6 9. Bd3 b5 10. a3 Bb7 11. b4 O-O 12. h3 Nb6 13. O-O Ne8 14. Qc2 Nd6 15.
e5 Nf5 16. Bxf5 exf5 17. Qxf5 Nd5 18. Rac1 Nxc3 19. Rxc3 Bd5 1-0

[Event "XV Tª INTERNACIONAL VILLA DE NAVALMORAL"]
[Site "NAVALMORAL DE LA MATA"]
[Date "2009.12.04"]
[Round "1.8"]
[White "Farmer Negrini, Leo"]
[Black "Shchekachev, Andrei"]
[Result "0-1"]
[WhiteElo "1795"]
[BlackElo "2528"]
[PlyCount "33"]
[EventDate "2009.12.04"]

1. e4 c5 2. Nf3 e6 3. d4 cxd4 4. Nxd4 a6 5. Nc3 b5 6. Be2 Bb7 7. Bf3 Qc7 8. Bg5
Nc6 9. Nxc6 Bxc6 10. Qd4 Rc8 11. Rc1 Bd6 12. Bh4 Be5 13. Qe3 Bf4 14. Bg3 Bxe3
15. Bxc7 Bxc1 16. Be5 f6 17. Bd6 0-1

[Event "XV Tª INTERNACIONAL VILLA DE NAVALMORAL"]
[Site "NAVALMORAL DE LA MATA"]
[Date "2009.12.04"]
[Round "1.9"]
[White "Perez Candelario, Manuel"]
[Black "Solis Fernandez, Fernando"]
[Result "1-0"]
[WhiteElo "2521"]
[BlackElo "1786"]
[PlyCount "57"]
[EventDate "2009.12.04"]

1. c4 Nf6 2. Nf3 d5 3. cxd5 Nxd5 4. d4 e6 5. e4 Nb6 6. Nc3 Be7 7. Be3 O-O 8.
Bd3 N8d7 9. O-O c5 10. Rc1 cxd4 11. Bxd4 Bc5 12. Bb1 Bxd4 13. Qxd4 e5 14. Nxe5
Nxe5 15. Qxe5 Nc4 16. Qb5 Be6 17. b3 a6 18. Qxb7 Nd2 19. Rfd1 Qg5 20. Qc7 Rac8
21. Qg3 Qh6 22. Bd3 Rfd8 23. h3 Rc5 24. Kh2 Rdc8 25. Bxa6 Nxe4 26. Bxc8 Rxc8
27. Nxe4 Qxc1 28. Rxc1 Rxc1 29. Nf6+ 1-0

[Event "XV Tº INTERNACIONAL VILLA DE NAVALMORAL"]
[Site "Navalmoral de la Mata"]
[Date "2009.12.05"]
[Round "2.1"]
[White "Carrasco Martinez, Juan M"]
[Black "Fedorchuk, Sergey A"]
[Result "0-1"]
[WhiteElo "2419"]
[BlackElo "2619"]
[PlyCount "68"]
[EventDate "2009.12.04"]

1. d4 Nf6 2. Nf3 e6 3. c4 Bb4+ 4. Nbd2 O-O 5. g3 d5 6. Qc2 c5 7. dxc5 Bxc5 8.
cxd5 Qb6 9. e3 exd5 10. Bg2 a5 11. O-O Bd7 12. Nb3 Bb4 13. Nbd4 Rc8 14. Qe2 Na6
15. Bd2 Bf8 16. Rfb1 Re8 17. Be1 h5 18. h3 g6 19. Rc1 Ne4 20. a3 Bh6 21. Qc2 a4
22. b4 axb3 23. Qxb3 Qd6 24. Rd1 Nac5 25. Qb4 Ra4 26. Qb2 Qa6 27. Bb4 Nxf2 28.
Bxc5 Bxe3 29. Kh2 Nxd1 30. Rxd1 Rc4 31. Bb4 Qf6 32. Be1 Ba4 33. Rb1 Rxd4 34.
Nxd4 Bxd4 0-1

[Event "XV Tº INTERNACIONAL VILLA DE NAVALMORAL"]
[Site "Navalmoral de la Mata"]
[Date "2009.12.05"]
[Round "2.2"]
[White "Burmakin, Vladimir"]
[Black "Cabezas Ayala, Ivan"]
[Result "1-0"]
[WhiteElo "2602"]
[BlackElo "2354"]
[PlyCount "71"]
[EventDate "2009.12.04"]

1. Nf3 Nf6 2. c4 g6 3. b3 Bg7 4. Bb2 O-O 5. g3 d6 6. d4 Nbd7 7. Bg2 e5 8. dxe5
Ng4 9. O-O Ngxe5 10. Nxe5 Nxe5 11. Nc3 Re8 12. Qd2 a5 13. a4 Nd7 14. Ne4 Nf6
15. Nxf6+ Bxf6 16. e3 Qe7 17. Bd4 Be5 18. Rac1 Bxd4 19. exd4 c6 20. Rfe1 Qf8
21. Rxe8 Qxe8 22. Re1 Qf8 23. h4 h5 24. d5 c5 25. Kh2 Bd7 26. Bh3 Bxh3 27. Kxh3
b6 28. Qe3 Kg7 29. Kg2 Rb8 30. Kf3 Qc8 31. Qc3+ Kg8 32. Qf6 Qf8 33. Re7 Re8 34.
Rd7 Re5 35. Kg2 Rf5 36. Qd8 1-0

[Event "XV Tº INTERNACIONAL VILLA DE NAVALMORAL"]
[Site "Navalmoral de la Mata"]
[Date "2009.12.05"]
[Round "2.3"]
[White "Fernandez Siles, Luis"]
[Black "Andersson, Ulf"]
[Result "0-1"]
[WhiteElo "2350"]
[BlackElo "2582"]
[PlyCount "90"]
[EventDate "2009.12.04"]

1. e4 c5 2. Nf3 e6 3. c3 d5 4. exd5 Qxd5 5. d4 Nc6 6. Be3 cxd4 7. cxd4 Nf6 8.
a3 Be7 9. Nc3 Qd8 10. Bd3 O-O 11. O-O b6 12. Qe2 Bb7 13. Rad1 Rc8 14. Ba6 Qc7
15. Bxb7 Qxb7 16. d5 exd5 17. Nxd5 Rfe8 18. Qb5 h6 19. Nxe7+ Nxe7 20. Bd4 Ned5
21. Rfe1 Rxe1+ 22. Rxe1 a6 23. Qd3 b5 24. h3 Qc6 25. Rd1 Nf4 26. Qf5 Ne2+ 27.
Kh2 Nxd4 28. Rxd4 Re8 29. Ne5 Qc5 30. Re4 Qc2 31. Rf4 Qxb2 32. Nd7 Re6 33. Nc5
Rc6 34. Nd7 Qxa3 35. Qe5 Nxd7 36. Qe8+ Qf8 37. Qxd7 Re6 38. f3 Qe8 39. Qb7 Qe7
40. Qc8+ Kh7 41. h4 Rf6 42. Qc2+ g6 43. Re4 Re6 44. Rf4 h5 45. Qd3 Rf6 0-1

[Event "XV Tº INTERNACIONAL VILLA DE NAVALMORAL"]
[Site "Navalmoral de la Mata"]
[Date "2009.12.05"]
[Round "2.4"]
[White "Georgiev, Vladimir"]
[Black "Palencia, Wilson"]
[Result "1-0"]
[WhiteElo "2582"]
[BlackElo "2349"]
[PlyCount "79"]
[EventDate "2009.12.04"]

1. d4 d6 2. e4 Nf6 3. Nc3 g6 4. Bg5 Bg7 5. f4 h6 6. Bxf6 Bxf6 7. Nf3 Bg4 8. Be2
Nc6 9. e5 dxe5 10. dxe5 Bg7 11. h3 Qxd1+ 12. Rxd1 Bd7 13. Bc4 Rf8 14. Ne4 b6
15. c3 Na5 16. Ba6 Bc6 17. Nf2 Bb7 18. Bxb7 Nxb7 19. Nd4 a6 20. Ke2 O-O-O 21.
Nc6 Rde8 22. h4 h5 23. Ne4 f6 24. Rh3 Bh6 25. Rf3 fxe5 26. fxe5 Rxf3 27. Kxf3
Nd8 28. Rxd8+ Rxd8 29. Nxd8 Kxd8 30. e6 Bg7 31. g4 Bf6 32. gxh5 gxh5 33. Nxf6
exf6 34. Ke4 Ke8 35. c4 Kd8 36. Kf5 Ke7 37. b4 c6 38. c5 bxc5 39. bxc5 a5 40.
a4 1-0

[Event "XV Tº INTERNACIONAL VILLA DE NAVALMORAL"]
[Site "Navalmoral de la Mata"]
[Date "2009.12.05"]
[Round "2.5"]
[White "Adel Lahchaichi, Oussama"]
[Black "Korneev, Oleg"]
[Result "0-1"]
[WhiteElo "2279"]
[BlackElo "2571"]
[PlyCount "78"]
[EventDate "2009.12.04"]

1. c4 Nf6 2. g3 c6 3. Nf3 d5 4. b3 Bf5 5. Bg2 e6 6. O-O Nbd7 7. Bb2 h6 8. d3
Bc5 9. Nbd2 O-O 10. Rc1 Qe7 11. cxd5 exd5 12. Nd4 Bh7 13. N2f3 Ba3 14. Qd2 Rfe8
15. Bxa3 Qxa3 16. Rc2 a5 17. Bh3 Ne5 18. Nh4 Qb4 19. Nhf5 Rad8 20. a4 Qxd2 21.
Rxd2 c5 22. Nb5 Bxf5 23. Bxf5 d4 24. Rc1 b6 25. Bh3 g5 26. Bf5 Kg7 27. Kg2 Nc6
28. h4 Re5 29. g4 Ne7 30. hxg5 hxg5 31. Be4 Nxe4 32. dxe4 Rxe4 33. f3 Re5 34.
b4 axb4 35. a5 Nd5 36. axb6 Nc3 37. Nc7 Rb8 38. Na6 Rxb6 39. Nxc5 b3 0-1

[Event "XV Tº INTERNACIONAL VILLA DE NAVALMORAL"]
[Site "Navalmoral de la Mata"]
[Date "2009.12.05"]
[Round "2.6"]
[White "Del Rio De Angelis, Salvador G"]
[Black "Martinez Lopez, Ivan"]
[Result "1/2-1/2"]
[WhiteElo "2544"]
[BlackElo "2242"]
[PlyCount "72"]
[EventDate "2009.12.04"]

1. d4 Nf6 2. c4 g6 3. Nc3 Bg7 4. e4 d6 5. Nf3 O-O 6. Be2 e5 7. O-O exd4 8. Nxd4
Re8 9. f3 Nc6 10. Be3 Nh5 11. Nxc6 bxc6 12. Qd2 f5 13. exf5 Bxf5 14. Rae1 Nf6
15. Bd3 Qd7 16. Bf2 c5 17. b3 a6 18. Qc2 Bxd3 19. Qxd3 Qf7 20. g3 Nd7 21. f4
Bxc3 22. Qxc3 Nf6 23. Qd3 Rxe1 24. Rxe1 Re8 25. Kg2 Rxe1 26. Bxe1 Qe6 27. Bc3
Ne4 28. Bb2 c6 29. Kf3 d5 30. cxd5 cxd5 31. Be5 h5 32. Kg2 Kf7 33. Qf3 Qg4 34.
Qd3 Qe6 35. Qf3 Qg4 36. Qd3 Qe6 1/2-1/2

[Event "XV Tº INTERNACIONAL VILLA DE NAVALMORAL"]
[Site "Navalmoral de la Mata"]
[Date "2009.12.05"]
[Round "2.7"]
[White "Alcaraz Ortega, Javier"]
[Black "Rusev, Krasimir"]
[Result "0-1"]
[WhiteElo "2241"]
[BlackElo "2537"]
[PlyCount "77"]
[EventDate "2009.12.04"]

1. Nf3 c5 2. c4 Nc6 3. Nc3 g6 4. g3 Bg7 5. Bg2 b6 6. O-O Bb7 7. e3 Bxc3 8. bxc3
Nh6 9. e4 f6 10. d3 Nf7 11. Qe2 d6 12. Nh4 e6 13. f4 Qe7 14. Be3 O-O-O 15. Rae1
Qd7 16. Nf3 f5 17. exf5 exf5 18. Bf2 Rhe8 19. Qd2 Ne7 20. Re2 d5 21. cxd5 Nxd5
22. Rxe8 Qxe8 23. d4 Nf6 24. Qe3 c4 25. Qxe8 Rxe8 26. Ne5 Nd6 27. Re1 Bxg2 28.
Kxg2 Kc7 29. Rb1 Nd5 30. Be1 b5 31. Kf3 Rb8 32. Ke2 Ne4 33. Rc1 Rb6 34. a4 Nd6
35. Ra1 Kb7 36. Kd1 bxa4 37. Rxa4 Rb1+ 38. Ke2 Rb2+ 39. Kd1 0-1

[Event "XV Tº INTERNACIONAL VILLA DE NAVALMORAL"]
[Site "Navalmoral de la Mata"]
[Date "2009.12.05"]
[Round "2.8"]
[White "Shchekachev, Andrei"]
[Black "Figuero Toro, Julian Francisco"]
[Result "1-0"]
[WhiteElo "2528"]
[BlackElo "2222"]
[PlyCount "71"]
[EventDate "2009.12.04"]

1. Nf3 Nf6 2. c4 g6 3. Nc3 Bg7 4. e4 d6 5. d4 O-O 6. Be2 e5 7. Be3 Ng4 8. Bg5
f6 9. Bc1 exd4 10. Nxd4 f5 11. O-O Nh6 12. exf5 Nxf5 13. Nxf5 Rxf5 14. Be3 Nc6
15. Qd2 Kh8 16. Rad1 Be6 17. f4 Rf8 18. Nd5 a5 19. Bf3 Qd7 20. b3 Rf7 21. h3 h5
22. Qc1 Re8 23. c5 dxc5 24. Nf6 Bxf6 25. Rxd7 Rxd7 26. Qxc5 Nd4 27. Bxb7 Nf5
28. Bf2 Rd2 29. Qxa5 Rxf2 30. Rxf2 Bd4 31. g4 Bb6 32. Qe5+ Ng7 33. Qg5 hxg4 34.
hxg4 Bd7 35. Qh6+ Kg8 36. Bd5+ 1-0

[Event "XV Tº INTERNACIONAL VILLA DE NAVALMORAL"]
[Site "Navalmoral de la Mata"]
[Date "2009.12.05"]
[Round "2.9"]
[White "Pena Riasco, Alexander"]
[Black "Perez Candelario, Manuel"]
[Result "0-1"]
[WhiteElo "2237"]
[BlackElo "2521"]
[PlyCount "86"]
[EventDate "2009.12.04"]

1. e4 c5 2. Nf3 d6 3. d4 cxd4 4. Nxd4 Nf6 5. Nc3 a6 6. f3 e6 7. Be3 b5 8. Qd2
Nbd7 9. g4 Nb6 10. Qf2 Nfd7 11. a3 Bb7 12. f4 Be7 13. O-O-O Rc8 14. Rg1 O-O 15.
Qd2 Nc5 16. Bd3 Nxd3+ 17. cxd3 Na4 18. Nc2 Rxc3 19. bxc3 Qc7 20. c4 d5 21. exd5
exd5 22. c5 Nxc5 23. Qc3 Qb6 24. Kb1 Rc8 25. Rge1 Qd8 26. Bxc5 Bxc5 27. d4 Bd6
28. Qd2 a5 29. Re2 Bc6 30. Kb2 Rb8 31. Ne3 Bxf4 32. Qc2 Bd7 33. Nxd5 Bd6 34.
Rde1 b4 35. Ne7+ Bxe7 36. Rxe7 Be6 37. Qc5 bxa3+ 38. Kxa3 Rc8 39. R1xe6 fxe6
40. Qa7 Qd6+ 41. Ka2 Qd5+ 42. Ka1 Qh1+ 43. Ka2 Rc2+ 0-1

[Event "XV Tº INTERNACIONAL VILLA DE NAVALMORAL"]
[Site "Navalmoral de la Mata"]
[Date "2009.12.05"]
[Round "2.10"]
[White "Guliyev, Namig"]
[Black "Garcia Salamero, Gabriel"]
[Result "1-0"]
[WhiteElo "2514"]
[BlackElo "2174"]
[PlyCount "75"]
[EventDate "2009.12.04"]

1. e4 e5 2. Nf3 Nf6 3. Nxe5 d6 4. Nf3 Nxe4 5. d4 d5 6. Bd3 Bd6 7. O-O O-O 8. c4
c6 9. Re1 f5 10. Nc3 Be6 11. Qb3 Qd7 12. c5 Be7 13. Ne5 Qc8 14. f3 Nxc3 15.
bxc3 Nd7 16. Bf4 Nxe5 17. Rxe5 Bd8 18. Re2 b5 19. Rae1 Bd7 20. Bd6 Rf6 21. Bxb5
h6 22. Bd3 Bc7 23. Be5 Bxe5 24. Rxe5 Rb8 25. Qc2 Qf8 26. f4 Re8 27. Qa4 Rxe5
28. fxe5 Rg6 29. Qxa7 Qe7 30. Qb8+ Kh7 31. e6 Qh4 32. g3 Bxe6 33. Rxe6 Qg5 34.
Re8 Qc1+ 35. Kf2 Rf6 36. Rh8+ Kg6 37. Qe8+ Kg5 38. Be2 1-0

[Event "XV Tº INTERNACIONAL VILLA DE N"]
[Site "Navalmoral de la Mata"]
[Date "2009.12.05"]
[Round "3.1"]
[White "Fedorchuk, Sergey A"]
[Black "Bhat, Vinay S"]
[Result "1-0"]
[WhiteElo "2619"]
[BlackElo "2510"]
[PlyCount "110"]
[EventDate "2009.12.04"]

1. e4 e5 2. Nf3 Nc6 3. Bb5 a6 4. Ba4 Nf6 5. O-O Be7 6. Re1 b5 7. Bb3 d6 8. c3
O-O 9. h3 Na5 10. Bc2 c5 11. d4 Nd7 12. d5 Nb6 13. Nbd2 g6 14. Qe2 f5 15. b4
Nb7 16. a4 bxa4 17. Nc4 cxb4 18. cxb4 fxe4 19. Bxe4 Bd7 20. Bh6 Rf7 21. Nfxe5
dxe5 22. Nxe5 Nd6 23. Nxf7 Kxf7 24. Ra3 Bf6 25. Rf3 Kg8 26. g4 Nbc4 27. Bb1 Rc8
28. Ba2 Bg5 29. Rf8+ Qxf8 30. Bxf8 Kxf8 31. Qf3+ Kg7 32. Qg3 Nf7 33. h4 Bf6 34.
g5 Be5 35. Qf3 Bf5 36. d6 Ncxd6 37. Qd5 Re8 38. f4 Be6 39. Qd2 Bxa2 40. fxe5
Nxe5 41. Rxe5 Rxe5 42. Qxa2 Nf7 43. Qc4 Rb5 44. Kf2 Kf8 45. Ke3 Nd6 46. Qc7 Nf7
47. Kd2 Kg7 48. Kc3 a3 49. Qc6 Rf5 50. Kb3 h6 51. gxh6+ Kxh6 52. Qxa6 Rf6 53.
Ka2 Ne5 54. Qe2 Rf5 55. b5 Kg7 1-0

[Event "XV Tº INTERNACIONAL VILLA DE N"]
[Site "Navalmoral de la Mata"]
[Date "2009.12.05"]
[Round "3.2"]
[White "Larino Nieto, David"]
[Black "Burmakin, Vladimir"]
[Result "0-1"]
[WhiteElo "2467"]
[BlackElo "2602"]
[PlyCount "78"]
[EventDate "2009.12.04"]

1. e4 c6 2. d4 d5 3. Nd2 dxe4 4. Nxe4 Bf5 5. Ng3 Bg6 6. Bc4 e6 7. N1e2 Bd6 8.
Bf4 Nf6 9. c3 O-O 10. O-O Nd5 11. Bxd6 Qxd6 12. Bd3 Nd7 13. Bxg6 hxg6 14. Ne4
Qc7 15. Qb3 Rfe8 16. Rad1 N5f6 17. N2g3 Rad8 18. Rfe1 Nxe4 19. Nxe4 Nf6 20.
Nxf6+ gxf6 21. c4 Kg7 22. g3 Re7 23. Re3 Red7 24. Red3 Rd6 25. d5 cxd5 26. cxd5
Rxd5 27. Rxd5 exd5 28. Rd4 Re8 29. Rxd5 Re1+ 30. Kg2 Qc6 31. Qb5 Qc2 32. Rd7
Re2 33. Qd5 Rxf2+ 34. Kg1 Kh6 35. Qxb7 Re2 36. Kf1 Rxh2 37. Qf3 Qxb2 38. g4
Qc1+ 39. Rd1 Qxd1+ 0-1

[Event "XV Tº INTERNACIONAL VILLA DE N"]
[Site "Navalmoral de la Mata"]
[Date "2009.12.05"]
[Round "3.4"]
[White "Vila Gazquez, Xavier"]
[Black "Georgiev, Vladimir"]
[Result "1/2-1/2"]
[WhiteElo "2452"]
[BlackElo "2582"]
[PlyCount "57"]
[EventDate "2009.12.04"]

1. e4 e5 2. Nf3 Nc6 3. Nc3 Nf6 4. Bb5 Bd6 5. O-O O-O 6. d3 a6 7. Ba4 h6 8. a3
b5 9. Bb3 Bb7 10. h3 Bc5 11. Be3 d6 12. Qd2 Nd7 13. Ne2 Kh7 14. Ng3 Ne7 15. d4
Bb6 16. dxe5 Nxe5 17. Nxe5 dxe5 18. Rad1 Qxd2 19. Rxd2 Bc6 20. Bxb6 cxb6 21.
Rd6 Rac8 22. f3 Rc7 23. Rfd1 g6 24. Nf1 Nc8 25. Rd8 Kg7 26. Ne3 h5 27. g4 Rxd8
28. Rxd8 Ne7 29. Kf1 1/2-1/2

[Event "XV Tº INTERNACIONAL VILLA DE N"]
[Site "Navalmoral de la Mata"]
[Date "2009.12.05"]
[Round "3.6"]
[White "Rusev, Krasimir"]
[Black "Ivanov, Jordan"]
[Result "1-0"]
[WhiteElo "2537"]
[BlackElo "2420"]
[PlyCount "55"]
[EventDate "2009.12.04"]

1. d4 d5 2. Nf3 Nf6 3. c4 dxc4 4. e3 e6 5. Bxc4 c5 6. O-O Nc6 7. Nc3 cxd4 8.
exd4 Be7 9. Re1 O-O 10. Bg5 b6 11. a3 Bb7 12. Qd3 Rc8 13. Rad1 Re8 14. Ba2 g6
15. Bh6 Bf8 16. Bxf8 Rxf8 17. Ng5 Nh5 18. Qe3 Qf6 19. Nce4 Qf4 20. Qh3 Nd8 21.
g3 Qc7 22. d5 exd5 23. Bxd5 Bxd5 24. Rxd5 f5 25. Nd6 Rb8 26. Nxf5 Rxf5 27. Rxf5
gxf5 28. Qxh5 1-0

[Event "XV Tº INTERNACIONAL VILLA DE N"]
[Site "Navalmoral de la Mata"]
[Date "2009.12.05"]
[Round "3.7"]
[White "Barbosa, Paulo Eduardo E Sil"]
[Black "Shchekachev, Andrei"]
[Result "0-1"]
[WhiteElo "2201"]
[BlackElo "2528"]
[PlyCount "102"]
[EventDate "2009.12.04"]

1. d4 Nf6 2. c4 e6 3. Nc3 Bb4 4. e3 O-O 5. Nf3 b6 6. Bd3 Bb7 7. O-O c5 8. Nd2
cxd4 9. exd4 d5 10. a3 Be7 11. cxd5 Nxd5 12. Nf3 Nd7 13. Bd2 Rc8 14. Qe2 Qc7
15. Ne5 Nxc3 16. Bxc3 Nxe5 17. dxe5 Qc6 18. f4 Rfd8 19. Bb5 Bc5+ 20. Kh1 Qe4
21. Rae1 Qxe2 22. Bxe2 g6 23. h3 Bd4 24. Bxd4 Rxd4 25. Bf3 Bxf3 26. Rxf3 Rc2
27. b3 h5 28. h4 Kf8 29. Kh2 Rdd2 30. Rg3 Rd4 31. Rf3 a5 32. Ree3 b5 33. Rd3
Re4 34. Rd8+ Kg7 35. Ra8 a4 36. b4 Ree2 37. Rg3 Rf2 38. Rb8 Rxf4 39. Rxb5 Rxh4+
40. Kg1 Rc1+ 41. Kf2 Rf4+ 42. Ke2 Rc2+ 43. Kd3 Ra2 44. Rc5 Rxa3+ 45. Rc3 Ra2
46. Rc4 Rff2 47. Rf3 Rad2+ 48. Ke3 Rfe2+ 49. Kf4 Rxg2 50. Rc7 g5+ 51. Ke4 Rge2+
0-1

[Event "XV Tº INTERNACIONAL VILLA DE N"]
[Site "Navalmoral de la Mata"]
[Date "2009.12.05"]
[Round "3.8"]
[White "Perez Candelario, Manuel"]
[Black "Valera, Jesus"]
[Result "1-0"]
[WhiteElo "2521"]
[BlackElo "2088"]
[PlyCount "123"]
[EventDate "2009.12.04"]

1. e4 c5 2. Nf3 e6 3. d4 cxd4 4. Nxd4 a6 5. Bd3 Nc6 6. Nxc6 dxc6 7. O-O e5 8.
Nd2 Bc5 9. Nc4 Qe7 10. Qh5 Bd6 11. Qg5 Qxg5 12. Nxd6+ Kd7 13. Bxg5 Kxd6 14.
Rad1 Kc7 15. Bc4 f6 16. Be3 b6 17. Rd2 Ne7 18. Rfd1 c5 19. Rd6 Rb8 20. Bxa6
Bxa6 21. Rd7+ Kc8 22. Rxe7 Rb7 23. Rxb7 Bxb7 24. f3 Kc7 25. Kf2 Bc6 26. g4 h6
27. h4 g6 28. Rh1 Bb7 29. a4 h5 30. g5 f5 31. exf5 gxf5 32. Rg1 Bc6 33. b3 Be8
34. g6 Rg8 35. g7 Kd6 36. Rg5 Ke6 37. a5 bxa5 38. Bxc5 a4 39. Bf8 axb3 40. cxb3
Kf6 41. b4 f4 42. Rg1 Ke6 43. Rd1 Bb5 44. Rd6+ Kf5 45. Rb6 Bd3 46. Rh6 e4 47.
Rxh5+ Kg6 48. Rg5+ Kf6 49. fxe4 Bxe4 50. b5 Bb7 51. b6 Be4 52. Rc5 Kg6 53. Rc4
Bb7 54. Rxf4 Kh5 55. Kg3 Bh1 56. Rf7 Bd5 57. b7 Bxb7 58. Rxb7 Kg6 59. Kg4 Kh6
60. Rb6+ Kh7 61. h5 Rxf8 62. gxf8=Q 1-0

[Event "XV Tº INTERNACIONAL VILLA DE N"]
[Site "Navalmoral de la Mata"]
[Date "2009.12.05"]
[Round "3.9"]
[White "Gonzalez Manchon, Juan Miguel"]
[Black "Guliyev, Namig"]
[Result "0-1"]
[WhiteElo "2079"]
[BlackElo "2514"]
[PlyCount "96"]
[EventDate "2009.12.04"]

1. d4 d5 2. c4 dxc4 3. Nf3 Nf6 4. e3 a6 5. Bxc4 e6 6. O-O b5 7. Be2 Bb7 8. a3
Nbd7 9. b4 Bd6 10. Nbd2 O-O 11. Nb3 Ne4 12. Bb2 f5 13. Nc5 Bd5 14. a4 Bxc5 15.
dxc5 c6 16. axb5 axb5 17. Rxa8 Qxa8 18. Qd4 Nef6 19. Bd3 Rd8 20. Ra1 Qb8 21.
Bc2 Nf8 22. Rd1 Qc7 23. Ne5 Ng6 24. Nxg6 hxg6 25. f3 Rd7 26. Qh4 Nh7 27. Qg3
Qxg3 28. hxg3 Ra7 29. Ra1 Rxa1+ 30. Bxa1 Kf7 31. Kf2 Nf6 32. Bd3 Bb3 33. Bxf6
Kxf6 34. e4 g5 35. exf5 exf5 36. Ke3 Ke5 37. f4+ Kf6 38. Kd4 g4 39. Bf1 Ke6 40.
Bd3 Bd5 41. Bf1 Be4 42. Be2 Bxg2 43. Bd1 Bd5 44. Be2 Bf3 45. Bd3 g6 46. Bc2 Be2
47. Bb3+ Kf6 48. Bc2 Bc4 0-1

[Event "XV Tº INTERNACIONAL VILLA DE N"]
[Site "Navalmoral de la Mata"]
[Date "2009.12.05"]
[Round "3.10"]
[White "Alcaraz Pacheco, Ivan"]
[Black "Del Rio De Angelis, Salvador G"]
[Result "0-1"]
[WhiteElo "2031"]
[BlackElo "2544"]
[PlyCount "36"]
[EventDate "2009.12.04"]

1. e4 e6 2. d4 d5 3. e5 c5 4. Nf3 cxd4 5. Bd3 Qa5+ 6. Nbd2 Nc6 7. a3 Qc7 8. Qe2
f6 9. exf6 Nxf6 10. Nb3 Be7 11. Nbxd4 Nxd4 12. Nxd4 e5 13. Bb5+ Kf8 14. Nf3 a6
15. Nxe5 Qa5+ 16. c3 Qxb5 17. Qf3 Bd6 18. Bf4 Bf5 0-1